Messi Trivia #10 - Statistics

General Stats
  • This quiz has been taken 61 times
  • The average score is 7 of 10
Answer Stats
Hint Answer % Correct
How many kids does Messi have? 3
98%
How many clubs has Messi played for professionally? three
98%
Who is Messi's Uruguayan best friend? Luis Suarez
93%
What city was Messi born in? Rosario
87%
What year was Messi born in? 1987
85%
How tall is Messi? 5'7
65%
What is his nickname? La Pulga
59%
What did Messi get on his international debut? Red card
59%
Who inspired Messi to play and is the reason for his celebration? Grandma
50%
What minute has Messi never scored in? 1st
44%
No matching quizzes found
Score Distribution
Percent of People with Each Score
Percentile by Number Answered
Your Score History
You have not taken this quiz